Sports in the life of the students / (Record no. 10333)

MARC details
000 -LEADER
fixed length control field 00922nab a22002537a 4500
003 - CONTROL NUMBER IDENTIFIER
control field OSt
005 - DATE AND TIME OF LATEST TRANSACTION
control field 20250514031402.0
008 - FIXED-LENGTH DATA ELEMENTS--GENERAL INFORMATION
fixed length control field 250404t2012 |||||||| |||| 00| 0 eng d
022 ## - INTERNATIONAL STANDARD SERIAL NUMBER
International Standard Serial Number 2094-8042
040 ## - CATALOGING SOURCE
Transcribing agency JMCFI - Learning Resource Center
082 ## - DEWEY DECIMAL CLASSIFICATION NUMBER
Classification number Per. 370.7’051 M689 2012-2013
100 ## - MAIN ENTRY--PERSONAL NAME
Personal name Caspe, Artemio G
9 (RLIN) 33117
245 ## - TITLE STATEMENT
Title Sports in the life of the students /
Remainder of title Artemio G. Caspe.
260 ## - PUBLICATION, DISTRIBUTION, ETC.
Place of publication, distribution, etc. Manila :
Name of publisher, distributor, etc. The Grade School, Inc.,
Date of publication, distribution, etc. 2012.
650 ## - SUBJECT ADDED ENTRY--TOPICAL TERM
Topical term or geographic name entry element School sports
General subdivision Sports.
9 (RLIN) 33102
650 ## - SUBJECT ADDED ENTRY--TOPICAL TERM
Topical term or geographic name entry element Physical education
General subdivision Education.
9 (RLIN) 33103
650 ## - SUBJECT ADDED ENTRY--TOPICAL TERM
Topical term or geographic name entry element Sportsmanship
General subdivision Ethics.
9 (RLIN) 33118
650 ## - SUBJECT ADDED ENTRY--TOPICAL TERM
Topical term or geographic name entry element Athletic-scholarship
General subdivision Education.
9 (RLIN) 33119
650 ## - SUBJECT ADDED ENTRY--TOPICAL TERM
Topical term or geographic name entry element Student activities
General subdivision Education.
9 (RLIN) 33120
650 ## - SUBJECT ADDED ENTRY--TOPICAL TERM
Topical term or geographic name entry element Exercise
General subdivision Health.
9 (RLIN) 33121
650 ## - SUBJECT ADDED ENTRY--TOPICAL TERM
Topical term or geographic name entry element Social skill in children
General subdivision Child development.
9 (RLIN) 33122
773 ## - HOST ITEM ENTRY
Related parts , volume 60, number 8 (January 2012) page 328.
Title The Modern Teacher
942 ## - ADDED ENTRY ELEMENTS (KOHA)
Koha item type Periodicals
Suppress in OPAC No
Source of classification or shelving scheme Library of Congress Classification
Holdings
Withdrawn status Lost status Source of classification or shelving scheme Damaged status Not for loan Home library Current library Shelving location Date acquired Total Checkouts Call number Date last seen Price effective from Koha item type
    Dewey Decimal Classification     LRC - College (Main) LRC - College (Main) Periodicals 05/14/2025   Per. 370.7'051 M689 2012-2013 05/14/2025 05/14/2025 Periodicals